Normal view
MARC view
- رمضان، مدحت عبد الحليم
Entry Personal Name
001 - CONTROL NUMBER
- control field: 44721
003 - CONTROL NUMBER IDENTIFIER
- control field: JO-AjAnu
005 - DATE AND TIME OF LATEST TRANSACTION
- control field: 20230606081413.0
008 - FIXED-LENGTH DATA ELEMENTS
- fixed length control field: 230606|| aca||aabn | a|a d
040 ## - CATALOGING SOURCE
- Original cataloging agency: JO-AjAnu
- Transcribing agency: JO-AjAnu
100 ## - HEADING--PERSONAL NAME
- Personal name: رمضان، مدحت عبد الحليم
670 ## - SOURCE DATA FOUND
- Source citation: Work cat.: (JO-AjAnu)22899: رمضان، مدحت عبد الحليم , author, الحماية الجنائية للتجارة الإلكترونية " دراسة مقارنة "